| 000 | 00366nam a2200145Ia 4500 | ||
|---|---|---|---|
| 008 | 230917s9999||||xx |||||||||||||| ||und|| | ||
| 040 |
_e95739 _aMAIN |
||
| 041 | _aEnglish | ||
| 082 | _a320.50954 N315N | ||
| 100 | _aChaudhary, D S, ed. | ||
| 245 | 0 | _aNehru and nation building | |
| 260 |
_aJaipur _bAalekh Publishers _c2002 |
||
| 300 | _aii, 280 p. | ||
| 942 | _cBK | ||
| 999 |
_c114056 _d114056 |
||